00651nam a22002057a 4500001000700000003000900007005001700016007000700033008004600040020001600086040002200102100003400124245012600158260003600284300003100320490001600351500003200367700003000399830001600429000419DO-SdBNP20160725143633.0000419160725b nyu 1996 ||||| |||| 00| 0 spa d a0590934252  aBPMSUbspacBPMSU1 aDanziger, Paula, d1944-2004.10aAmber Brown goes fourth /cPaula Danziger ; interior illustrations by Tony Ross ; cover illustration by Jacquelyn Rogers. aNew York : bScholastic,c1996. a101 p. : bil. ; c20 cm. 1 aAmber Brown a"A Little Apple Paperback." aRoss, Tony, d1938-eil.  0aAmber Brown